000 00649nam a2200229Ia 4500
003 OSt
005 20220925215312.0
006 a|||||r|||| 00| 0
007 ta
008 220923b |||||||| |||| 00| 0 eng d
037 _cGeneral Book
040 _aRTL
_cRTL
_beng
041 _2eng
_aeng
082 _aX:991, L2
100 _aCorina John
_9282526
245 0 _aLabour market economics
_bA short survey of recent t
260 _aLondon
_bHeinemann UK
_c1972
300 _a81p. Bib p68-81, Appendix p65-67
_ccm.
650 _aLabour Market
942 _hX:991, L2
_cGB
_2CC
999 _c568416
_d568416